| 000 | 00474nam a2200181Ia 4500 | ||
|---|---|---|---|
| 005 | 20260429112229.0 | ||
| 008 | 260429s9999||||xx |||||||||||||| ||und|| | ||
| 020 | _a9789362246165 | ||
| 041 | _aEnglish | ||
| 082 |
_a512.9434 _bMIS |
||
| 100 | _aMishra, Vikram | ||
| 245 | 0 |
_aTheory of matrices / _cVikram Mishra |
|
| 260 |
_aNew Delhi : _bDiscovery Publishing House, _c2025. |
||
| 300 | _avi, 225 p.; hb | ||
| 650 | _a Matrices | ||
| 650 | _aMathematics | ||
| 942 | _cTB | ||
| 999 |
_c53018 _d53018 |
||